000 00298nam a2200133Ia 4500
008 240624s9999 xx 000 0 und d
041 _aeng
082 _a823 HAR
100 _aHARRIS ROBERT
245 _aGHOST
260 _c2008
_aLondon
_bArrow books
300 _a400 p.; 19 cm.
365 _cBPS
999 _c28955
_d28955